000 00475nam a22001937a 4500
003 MPLRDC
005 20220104183427.0
008 210129b ||||| |||| 00| 0 eng d
020 _a986-7600-36-3
082 _a719 OYYJ-2
100 _a欧阳应霁
245 _a放大义大利
_c
250 _a初版
260 _a台湾
_b大块文化出版股份有限公司
_c2004
300 _b
490 _aHOME. 4
650 _a义大利游记
942 _cBK
_o719 OYYJ-2
999 _c62403
_d62393